000 00645cam a22002171 4500
001 sa 63000722
003 DLC
005 20260227111923.0
008 791121m19479999pk 000 0 eng
010 _asa 63000722
035 _a(OCoLC)5721900
040 _aDLC
_cMiEM
_dDLC
042 _apremarc
050 0 0 _aDS238.U5
_bS53
100 0 _aShiblī Nuʻmānī,
_d1857-1914.
245 1 0 _aʻUmar the great,
_bthe second Caliph of Islam.
_cTranslated by Maulânâ Zafar ʻAli Khân.
250 _a[3d rev. ed.]
260 _aLahore,
_bMuhammad Ȧshraf
_c[1947-
300 _av.
_c21 cm.
600 0 0 _aʻUmar ibn al-Khaṭṭāb,
_cCaliph,
_d-644.
999 _c53592
_d53592